006720000a22002170004500003001100000005001700011008004100028020001500069040003900084041000800123082001300131100002300144245002600167260002400193300007000217650004300287700001600330942000700346952008800353999001300441LK-CoMWRAF20231213130004.0230817t2001 ||||| |||| 00| 0 eng d a9559764608 aLK-CoMWRAFdLK-CoMWRAFeLK-CoMWRAF aeng a391bWIM aWimalaratne, K.D.G aCostumes of Sri Lanka as.l.bs.n.c[2001?] a xx, 140 p. : ill. (chiefly color) ; 32 cmbBibliography included aClothing and dress- Sri Lanka- History aGomes, Dian cBK 00104070aMAINbMAINd2023-08-17l0o391 WIMpRAF4087r2023-08-17w2023-08-17yBK c475d475